000 00545nam a2200181Ia 4500
008 151018s9999 xx 000 0 und d
082 _bRBASDV47902
_a891.433
100 _aराकेश भारती
245 _aकाला सुरज
250 _b1
260 _bमित्तल एंड सन्स
_c2007
300 _a172
600 _aराकेश भारती
630 _aकाला सुरज
700 _aराकेश भारती
730 _aकाला सुरज
942 _cBOOK
999 _c1047032
_d1047029